000 00544nam a22001697a 4500
003 SGT
020 _a9788180450792
082 _a541, KHO
100 _aKHOSLA B.D.
245 _aPHYSICAL CHEMISTRY
250 _a16TH
260 _aNEW DELHI
_bR. CHAND
_c2015
300 _a367
650 _aPHYSICAL CHEMISTRY
653 _aDETERMINATION OF MOLAR MASSES BY PHYSICAL METHODS, MEASUREMENT OF VISCOSITIES AND SURFACE TENSIONS, MEASUREMENT OF SOLUBILITY, OPTICAL MEASUREMENT, HOMEGENEOUS EQUILIBRIA, COLLOIDAL STATE
942 _2ddc
_cFPS
_01
999 _c9241
_d9241